000
00281nam a2200097Ia 4500
008
220204s9999 xx 000 0 und d
082
_a
675(038)
_b
IND
245
0
_a
Indian Standards glossary of terms relating to hides skins and leather
260
_a
New Delhi
_b
ISI
_c
1961
942
_c
BK
999
_c
19873
_d
19873